=LDR 00000nam 2200000 4500 =001 INLIS000000000015711 =005 20130612111003 =008 ***********************************Ind** =035 ##$$0010-061300000015711 =041 ##$$a Ind =082 ##$$a 028.5 =090 ##$$a 028.5, Ahd W =100 ##$$a Akhdiah, Ida =245 ##$$a Wartawan Cilik, Ida Akhdiah =260 ##$$a 1995 $b Jakarta =300 ##$$a 44 hlm, ils21cm =650 ##$$a Bacaan Kanak-kanak =850 ##$$a NBPNMAT